1172 1613 1039 1657 1116 1114 1219 1857 1633 1406 1424 1998 1595 1389 1919 1213 1267 1109 1667 1790 1475 1752 1586 1362 1446 1297 1282 1638 1833 1915 1113 1842 1954 1687 1717 1403 1380 1887 1763 1185 1016 1080 1778 1174 1744 1362 1216 1238 1155 1791 1402 1064 1348 1749 1199 1320 1416 1513 1117 1806 1777 1719 1372 1163 1883 1400 1147 1067 1415 1607 1750 1830 1326 1361 1030 1305 1335 1801 1981 1235 1918 1147 1100 1561 1030 1130 1093 1948 1304 1864 1475 1142 1192 1517 1906 1035 1388 1889 1398 BCNSPRNW ULIB Ver.6.0+V

เปลี่ยนเป็นภาษาไทย

Change to English
 แสดงรายละเอียดบรรณานุกรม
  กลับหน้าหลัก

Brief Record : Get Marc (ISO 2709) : E-mail record : QR code < ปิดหน้าต่าง
LEADER : 00000nam 2200000uu 4500
001    13399127445
003     ULIB
008    200525s2019||||th 000 0 tha d
020    ^a9781506259871 (pbk.)
050  4 ^aPE1128^bS532Bt
100 1  ^aSharpe, Pamela J.
245 10 ^aBarron s TOEFL iBT :^binternet-based test /^cPamela J.Sharpe
246 30 ^aTOEFL iBT :^bInternet-based test
246 30 ^aTOEFL Internet-based test
250    ^a16th ed.
260    ^aHauppauge, N.Y. :^bKaplan/Barron s Educational Series,^c2019
300    ^avi, 810 p. :^bill. ;^c28 cm.
650  0 ^aTest of English as a Foreign Language^vStudy guides
650  0 ^aEnglish language^vTextbooks for foreign speakers
650  0 ^aEnglish language^xExaminations^vStudy guides
653    ^aTOEFL
945    ^p0^l0^i28325
999    ^aกัณชพร จุลอักษร
รายการนี้ยังไม่มีแท็ก
คุณยังไม่ได้ล็อกอิน คุณสามารถมีกิจกรรมร่วมกับเว็บไซต์ได้ แต่ต้องล็อกอินก่อน ::
  ล็อกอิน

รายการสื่อสารสนเทศ

ลำดับที่ ประเภท เลขเรียก/บาร์โค้ด สถานที่ สถานะ
1. หนังสือสำรอง
หนังสือสำรอง
PE1128 S532Bt ฉ.1 
  Barcode: 28325
ห้องสมุดวิทยาเขตนครสวรรค์
►หนังสือทั่วไป:l:General Books
บนชั้น

รายการใกล้เคียง
    ผู้แต่ง [Sharpe, Pamela J.]

BibComment


ยังไม่เคยถูกคอมเมนท์

คอมเมนท์ทรัพยากรรายการนี้
  คอมเมนท์: Barron s TOEFL i..


 Copyright 2026. Bcnsprnw @Library